| 000 | 00314nam a22001217a 4500 | ||
|---|---|---|---|
| 082 |
_a540 _bRES/C |
||
| 100 | _aRESONANCE | ||
| 245 |
_aCHEMISTRY RANK BOOSTER _bTARHET JEE (MAIN)2023 |
||
| 260 |
_aKOTA _bRESONANCE EDUVENTURES |
||
| 300 | _a351 | ||
| 650 |
_aASSORTED QUESTION BANK FOR QUICK REVISION _zINDIA |
||
| 942 | _cBK | ||
| 999 |
_c689 _d689 |
||